| 000 | 00774nam a2200253 a 4500 | ||
|---|---|---|---|
| 001 | |||
| 003 | DO-SdBNP | ||
| 005 | 20211123113230.0 | ||
| 007 | ta | ||
| 008 | 100118s2007 dr a r 000 p spa d | ||
| 020 | _a9789945421293 | ||
| 040 |
_aDO-SdBNP _bspa _cBPMSU |
||
| 082 |
_aRD861.44 _bF438h 2007 _222 |
||
| 100 | 1 | _aFiallo, Sonia | |
| 245 | 1 | 0 |
_aHojas que volaron de mi vida : _blas recogí... y se hicieron palabras / _cSonia Fiallo ; presentación Hugo Tolentino Dipp. |
| 260 |
_aSanto Domingo : _bAmigo del Hogar, _c2007. |
||
| 300 |
_a139 p. : _bil. ; _c22 cm. |
||
| 590 | _aInventariado, 2021/VM | ||
| 650 | 4 | _aPoesía dominicana | |
| 650 | 4 | _aLiteratura dominicana. | |
| 700 | 1 |
_aTolentino Dipp, Hugo, _d1930-2019 |
|
| 910 | _aVMateo V. | ||
| 942 |
_2ddc _cBK |
||
| 999 |
_c13893 _d13893 |
||